Engineering materials (including construction materials)

Bibliographic Details
Main Author: Rajput, R.K
Format: Book
Published: New Delhi : S. Chand & Company Ltd , 2008
Subjects:

MARC

LEADER 00000cam a2200000 7i4500
001 0000038979
005 20131204.0
008 131204
020 |a 8121919606 
090 0 0 |a 620.11   |b RAJ 
100 1 |a Rajput, R.K 
245 1 0 |a Engineering materials (including construction materials)   |c R.K. Rajput 
260 |a New Delhi :   |b S. Chand & Company Ltd ,   |c 2008 
650 0 |a Materials 
999 |a 0001257138   |b Book   |c Adult Collection   |e Perbadanan Perpustakaan Awam Johor